| 000 | 03963naa a2200349Ia 4500 | ||
|---|---|---|---|
| 003 | OSt | ||
| 005 | 20260416153458.0 | ||
| 008 | 260416s2017 xx 000 0 und d | ||
| 040 |
_aFoundation University _bEng _cFoundation University _erda |
||
| 050 |
_aCBA (FinMgt-FS) LG 221 D35 B87 _bA5 B87 F56 2018 A76 |
||
| 099 | _a799 | ||
| 100 |
_aArmentano, Frixcilyn G. _91517 _eauthor. |
||
| 245 | 1 | 0 |
_aA Feasibility study of "Love N Care" home health care in Habitat I, Bajumpandan, Dumaguete City / _cby Frixcilyn G. Armentano, Melanie I. Brillo, Shawee B. Macabinguil and Aileen V. Paluyo |
| 264 |
_aDumaguete City _bFoundation Uiniversity, _c2018. _42018. |
||
| 300 |
_a164 leaves : _bill. (chiefly color) ; _c28 cm. _3volume _fresource |
||
| 336 |
_2rdacontent _atext _btxt |
||
| 337 |
_2rdamedia _aunmediated _bn |
||
| 338 |
_3rdacarrier _avolume _bnc |
||
| 502 | _eUndergraduate feasibility (BS in Administration Major in Financial management ) - - Foundation University, 2018. | ||
| 504 | _aIncludes bibliographical references and appendices. | ||
| 520 | _aABSTRACT The feasibility study conducted is about the establishment of "Love N Care" home health care for the elderlies business which will be located along Habitat l, Bajumpandan, Dumaguete City. In the first chapter, it highlights the rationale of the said study. This includes the introduction, background of the study in which very relevant for the study. The statement of the problem, scope, and limitations with the research methodology is also found in chapter 1. Under the researcher respondents, instruments, and data gathering procedures are further studied including the statistical treatment of the data with the terms being defined by the researchers The next chapters composed of five aspects: management, marketing. technical, financial, and socio-economic aspects. These five aspects will help the researchers to determine the feasibility study. This is all about the presentation, interpretation, and analysis of data. The management aspect shows the process or operation inside the organization including the organizational chart in accordance with their job analysis which includes their job qualifications and specification. It also includes the policies of the employees inside the firm, their working schedule, and of course, their salaries and wages. Marketing aspect illustrates the data in which are gathered from the survey questionnaires that are distributed to the respondent which will greatly benefit the study. It depicts that 75% of the respondents are willing and able to patronize the said business. It also includes the marketing strategy, the market analysis (demand-supply, supply-demand), and the marketing plan. Under technical aspects, it mainly contains the layout of the building. While on the other hand, the financial aspects detailed the financial statements during the operation of the business. Lastly, the socio-economic aspects signify the impact of the business in the society. The last chapter contains the summary of the findings, conclusion, and recommendation. It also contains the appendix that shows the collection of the legal requirements needed by the business to operate. | ||
| 650 |
_aFeasibility studies _zPhilippines. _zDumaguete City. _915516 |
||
| 650 |
_aHome health care services _zPhilippines. _zDumaguete City. _915517 |
||
| 650 |
_aHealth services _zPhilippines. _zDumaguete City. _914619 |
||
| 650 |
_aSmall business _zPhilippines _zDumaguete City. _913723 |
||
| 658 |
_aProject Feasibility Study : _bAdministration Major in Financial Management Bachelor of Science in ; _cFSB301 |
||
| 700 |
_aBrillo, Melanie I. _qco-author _915518 |
||
| 700 |
_aMacabinguil, Shawee B. _qco-author _915519 |
||
| 700 |
_aPaluyo, Aileen V. _eco-author _915520 |
||
| 700 |
_aYbarrita Marrisa B., _eco-author _915521 |
||
| 942 |
_2lcc _cFS _hLG 221 D35 B87 _iA5 B87 F56 2018 A76 _kCBA (FinMgt-FS) |
||
| 999 |
_c5752 _d5752 |
||